PRACTICAL ZOOLOGY (Record no. 12932)
[ view plain ]
| 000 -LEADER | |
|---|---|
| fixed length control field | 00413cam a2200169ua 4500 |
| 008 - FIXED-LENGTH DATA ELEMENTS--GENERAL INFORMATION | |
| fixed length control field | 141126n II |||gr||||Z||||||eng |
| 040 ## - CATALOGING SOURCE | |
| Original cataloging agency | MAIN |
| 041 ## - LANGUAGE CODE | |
| -- | English |
| 082 ## - DEWEY DECIMAL CLASSIFICATION NUMBER | |
| Classification number | 591 GHO |
| 100 ## - MAIN ENTRY--PERSONAL NAME | |
| Personal name | GHOSE, K. C. |
| 245 ## - TITLE STATEMENT | |
| Title | PRACTICAL ZOOLOGY |
| 260 ## - PUBLICATION, DISTRIBUTION, ETC. | |
| Place of publication, distribution, etc. | KOLKATA: |
| Name of publisher, distributor, etc. | NEW CENTRAL BOOK AGENCY., |
| Date of publication, distribution, etc. | 1996. |
| 300 ## - PHYSICAL DESCRIPTION | |
| Extent | 481: |
| Dimensions | 21CM. |
| 942 ## - ADDED ENTRY ELEMENTS (KOHA) | |
| Koha item type | Books |
| 653 ## - INDEX TERM--UNCONTROLLED | |
| Uncontrolled term | Specific topics in natural history |
| Withdrawn status | Lost status | Damaged status | Not for loan | Collection code | Home library | Current library | Shelving location | Date acquired | Total Checkouts | Full call number | Barcode | Date last seen | Date last checked out | Copy number | Price effective from | Koha item type | Public note |
|---|---|---|---|---|---|---|---|---|---|---|---|---|---|---|---|---|---|
| TBZOO | Central Library and Information Centre Sibsagar Girls College | Central Library and Information Centre Sibsagar Girls College | ZOOLOGY BOOK RACK | 23.07.2003 | 1 | 591 GHO | 18283 | 12.04.2021 | 30.03.2021 | 1 | 27.02.2020 | Books | V |